000 00849nam a2200313Ia 4500
003 OSt
005 20220912145048.0
006 a|||||r|||| 00| 0
007 ta
008 220909b |||||||| |||| 00| 0 eng d
020 _a9781402050008 (hbd)
024 _a76868
037 _cTextbook
040 _aCSL
_beng
_cCSL
041 _aeng
082 _aE:(9S), P7 TE
100 _aBunin B A
245 0 _aChemoinformatics: theory, practice and products
260 _aThe Netherlands
_bElsevier
_c2007
300 _axi,295p.
_ccm.
500 _aIndex 283-295p
650 _a Chemoinformatics
650 _aChemistry
700 _a Bajorath J
700 _a Morales G A
700 _a Siesel B
942 _hE:(9S), P7 TE
_cTB
_2CC
999 _c22173
_d22173